000 00725nam a2200241 a 4500
001 54596
003 BD-RjUL
005 20211209080137.0
008 161108r19701968njua b 000 0 eng
035 _a(BD-RjUL)54718
040 _aDLC/ICU
_cICU
_dBD-RjUL
_beng
041 _aeng
082 0 0 _a539.7
_223
_bWHI 1968
100 1 _aWhite, Harvey Elliott,
_d1902-
_9162842
245 1 0 _aIntroduction to atomic and nuclear physics /
_c Harvey E. White.
250 _aEast-West Student ed.
260 _aNew York :
_bVAN NOSTRAND REINHOLD COMPANY,
_c1968 [Reprint 1970]
300 _ax, 560 p. :
_bill. ;
_c24 cm.
500 _aIncludes index
650 0 _aNuclear physics.
_9162843
942 _2ddc
_cBK
999 _c54596
_d54596